Learning with information systems : learning cycles in information systems development
Αποθηκεύτηκε σε:
| Κύριος συγγραφέας: | |
|---|---|
| Μορφή: | Βιβλίο |
| Γλώσσα: | English |
| Δημοσίευση: |
London ; New York :
Routledge,
c1996
|
| Σειρά: | Routledge studies in international information and library management systems
|
| Θέματα: | |
| Ετικέτες: |
Προσθήκη ετικέτας
Δεν υπάρχουν, Καταχωρήστε ετικέτα πρώτοι!
|
MARC
| LEADER | 00000nam a2200000 i 4500 | ||
|---|---|---|---|
| 001 | 1/96349 | ||
| 008 | 000116s1996 eng d | ||
| 020 | |a 0415106036 | ||
| 035 | |l 10055728 | ||
| 040 | |a GR-MY-UA |b gre |e aacr | ||
| 041 | 0 | |a eng | |
| 082 | 0 | |a 658.4038 | |
| 100 | 1 | |a Bell, Simon. | |
| 245 | 1 | 0 | |a Learning with information systems : |b learning cycles in information systems development / |c Simon Bell |
| 260 | |a London ; New York : |b Routledge, |c c1996 | ||
| 300 | |a xvi, 230 p.; |b ill.; |c 25 cm. | ||
| 490 | 1 | |a Routledge studies in international information and library management systems |v ; 1 | |
| 504 | |a Includes bibliographical references and index | ||
| 650 | 0 | 0 | |a System design. |
| 650 | 0 | 0 | |a System analysis. |
| 650 | 0 | 0 | |a Information resources management |z Developing countries. |
| 650 | 0 | 0 | |a Information systems. |
| 651 | 0 | |a Developing countries. | |
| 830 | 0 | |a Routledge studies in international information and library management systems | |
| 852 | |a INST |b SAMOS |e 20000116 |h 658.4038 BEL |p 005300016223 |q 005300016223 |t BK |y 0 | ||
| 901 | |a BIBL3-2000-1 | ||
| 909 | |a Σ |b 071278 | ||
| 922 | |a 3ΕΛΗ |b 199912 |c ΤΠΕΣ |d ΠΑΠΑΣΩΤΗΡΙΟΥ | ||
| 970 | |a ΓΕΝΟΥΖΟΥ |b ΧΡΥΣΑΝΘΗ |z 2000/01/16 | ||